[Event "ISL-chT2 1819"]
[White "Arnalds, Stefan"]
[Black "Traustason, Ingi Tandri"]
[Site "Reykjavik"]
[Round "3.2"]
[Result "0-1"]
[Date "2018.11.10"]
[WhiteElo "1943"]
[BlackElo "1932"]
[PlyCount "76"]
[EventDate "2018.11.09"]
[EventType "team-tourn"]
[EventRounds "7"]
[EventCountry "ISL"]
[SourceTitle "CBM 187 Extra"]
[Source "ChessBase"]
[SourceDate "2018.11.04"]
[SourceVersion "1"]
[SourceVersionDate "2018.11.04"]
[SourceQuality "1"]
[WhiteTeam "Breidjablik Bolungavik II"]
[BlackTeam "Vinaskakfelagid"]
[WhiteTeamCountry "ISL"]
[BlackTeamCountry "ISL"]

1. d4 Nf6 2. c4 c5 3. Nf3 cxd4 4. Nxd4 e5 5. Nb5 d6 6. Bg5 Na6 7. N1c3 Be6 8. e3 Be7 9. Qd2 Qb6 10. Bxf6 gxf6 11. Nd5 Bxd5 12. cxd5 f5 13. Be2 0-0 14. 0-0 Bf6 15. Nc3 Qb4 16. Bxa6 bxa6 17. f3 Rab8 18. Rab1 Rfc8 19. Qd3 f4 20. Ne4 Be7 21. exf4 Qb6+ 22. Kh1 exf4 23. Rfe1 Qd8 24. Qxa6 Bf8 25. Qxa7 Qh4 26. Qf2 Qxf2 27. Nxf2 Rc2 28. Nd3 Bh6 29. a3 Rb3 30. Red1 Bg5 31. h3 Kg7 32. Kg1 Kg6 33. a4 Kf5 34. a5 Bd8 35. a6 Bb6+ 36. Kf1 Ba7 37. Ne1 Rf2+ 38. Kg1 Rfxb2+ 0-1

[Event "ISL-chT2 1819"]
[White "Traustason, Ingi Tandri"]
[Black "Saevaldsson, Kristinn Jon"]
[Site "Reykjavik"]
[Round "1.3"]
[Result "1/2-1/2"]
[Date "2018.11.09"]
[WhiteElo "1932"]
[BlackElo "1919"]
[PlyCount "95"]
[EventDate "2018.11.09"]
[EventType "team-tourn"]
[EventRounds "7"]
[EventCountry "ISL"]
[SourceTitle "CBM 187 Extra"]
[Source "ChessBase"]
[SourceDate "2018.11.04"]
[SourceVersion "1"]
[SourceVersionDate "2018.11.04"]
[SourceQuality "1"]
[WhiteTeam "Vinaskakfelagid"]
[BlackTeam "Skakdeild Hauka"]
[WhiteTeamCountry "ISL"]
[BlackTeamCountry "ISL"]

1. d4 d5 2. c4 e6 3. Nc3 Nf6 4. cxd5 exd5 5. Bg5 Be7 6. Qc2 h6 7. Bh4 0-0 8. e3 Re8 9. Bd3 c6 10. Nge2 Nbd7 11. 0-0 Nf8 12. f3 Qb6 13. Bf2 Bb4 14. a3 Be7 15. Rae1 Bd7 16. Kh1 Rac8 17. Qd2 Qc7 18. e4 dxe4 19. fxe4 Bg4 20. Ng3 Nh5 21. e5 Bg5 22. Qc2 Ne6 23. Nge4 Nhf4 24. Nd6 Qd7 25. Bf5 Bxf5 26. Qxf5 Rcd8 27. Nxe8 Rxe8 28. Rd1 Nd5 29. Qf3 a5 30. Ne4 b5 31. Nd6 Rf8 32. Qe4 g6 33. Qe1 a4 34. h4 Be7 35. Ne4 Nef4 36. Bg3 Nh5 37. Rf3 Qg4 38. Kh2 Nxg3 39. Rxg3 Qxh4+ 40. Rh3 Qf4+ 41. Kh1 h5 42. Rdd3 b4 43. Rdf3 Qg4 44. axb4 Bxb4 45. Qf2 Qxe4 46. Rh4 Qe1+ 47. Qxe1 Bxe1 48. Re4 1/2-1/2

[Event "ISL-chT2 1718"]
[White "Traustason, Ingi Tandri"]
[Black "Sigurdsson, Smari"]
[Site "Reykjavik"]
[Round "4.2"]
[Result "0-1"]
[Date "2017.10.22"]
[WhiteElo "1949"]
[BlackElo "1835"]
[PlyCount "98"]
[EventDate "2017.10.20"]
[EventType "team-tourn"]
[EventRounds "7"]
[EventCountry "ISL"]
[SourceTitle "CBM 181 Extra"]
[Source "ChessBase"]
[SourceDate "2017.12.12"]
[SourceVersion "1"]
[SourceVersionDate "2017.12.12"]
[SourceQuality "1"]
[WhiteTeam "Vinaskakfelagid"]
[BlackTeam "Huginn"]
[WhiteTeamCountry "ISL"]
[BlackTeamCountry "ISL"]

1. d4 f5 2. Nc3 Nf6 3. e4 fxe4 4. f3 e6 5. fxe4 Bb4 6. Qf3 0-0 7. Bd2 Nc6 8. Nge2 d6 9. h3 e5 10. d5 Nxd5 11. Qg3 Nf6 12. 0-0-0 Nd4 13. Qd3 c5 14. Bg5 Be6 15. Nd5 Bxd5 16. exd5 Qd7 17. c3 Nxe2+ 18. Bxe2 Ba5 19. Rhf1 Bd8 20. Bxf6 Bxf6 21. Bg4 Qe7 22. Be6+ Kh8 23. Kb1 Bg5 24. h4 Bh6 25. Rh1 Rf2 26. g4 Bf4 27. Bf5 g6 28. Be6 Rh2 29. g5 Rxh1 30. Rxh1 Kg7 31. h5 Bxg5 32. hxg6 h6 33. Rf1 Rf8 34. Bf7 e4 35. Qc2 e3 36. Qe2 Qe4+ 37. Ka1 c4 38. Rd1 b5 39. a3 a5 40. a4 bxa4 41. Rd4 Qh1+ 42. Rd1 Qh4 43. Rf1 Qe4 44. Rd1 a3 45. Rd4 Qh1+ 46. Ka2 Rb8 47. Rd1 Rxb2+ 48. Qxb2 Qxd1 49. Qxa3 Qb3+ 0-1

[Event "ISL-chT2 1718"]
[White "Ingvason, Johann"]
[Black "Traustason, Ingi Tandri"]
[Site "Reykjavik"]
[Round "2.1"]
[Result "1-0"]
[Date "2017.10.21"]
[WhiteElo "2154"]
[BlackElo "1949"]
[PlyCount "137"]
[EventDate "2017.10.20"]
[EventType "team-tourn"]
[EventRounds "7"]
[EventCountry "ISL"]
[SourceTitle "CBM 181 Extra"]
[Source "ChessBase"]
[SourceDate "2017.12.12"]
[SourceVersion "1"]
[SourceVersionDate "2017.12.12"]
[SourceQuality "1"]
[WhiteTeam "Reykjanesbaejar"]
[BlackTeam "Vinaskakfelagid"]
[WhiteTeamCountry "ISL"]
[BlackTeamCountry "ISL"]

1. e4 c5 2. Nf3 d6 3. d4 cxd4 4. Nxd4 Nf6 5. Nc3 a6 6. Bg5 e6 7. Be2 Be7 8. Qd2 0-0 9. f4 e5 10. Nf3 Nc6 11. 0-0-0 b5 12. Bxf6 gxf6 13. Nd5 exf4 14. Qxf4 Ne5 15. Nd4 Be6 16. Nf5 Bxf5 17. Qxf5 Kh8 18. g4 Rc8 19. h4 b4 20. Kb1 a5 21. Rh3 Rg8 22. g5 a4 23. a3 bxa3 24. Rxa3 fxg5 25. hxg5 Bxg5 26. Rh1 h6 27. Rxa4 Ra8 28. Rxa8 Qxa8 29. Nf6 Rg6 30. Nd5 Rg8 31. Bh5 Rb8 32. Rh3 Qa7 33. Be2 Qg1+ 34. Ka2 Qd4 35. Rb3 Qa4+ 36. Kb1 Rxb3 37. cxb3 Qxb3 38. Nf6 Ng6 39. Qc8+ Kg7 40. Ne8+ Kh7 41. Nxd6 Qe6 42. Qc7 Bf4 43. Qxf7+ Qxf7 44. Nxf7 Bc7 45. Kc2 Kg7 46. Bc4 Ne5 47. Nxe5 Bxe5 48. Be2 Kf6 49. b4 Bd4 50. Kd3 Ke5 51. Bf3 Bg1 52. Kc4 Kd6 53. Kb5 Bd4 54. Ka6 Kc7 55. b5 Bc5 56. e5 Bd4 57. e6 Bc5 58. Bg4 Be7 59. b6+ Kb8 60. Kb5 Kb7 61. Bf3+ Kc8 62. Kc6 Ba3 63. b7+ Kb8 64. Kd7 h5 65. e7 Bxe7 66. Kxe7 Kc7 67. Bh1 h4 68. Be4 h3 69. Bh1 1-0

[Event "ISL-chT2 1617"]
[White "Thorsteinsdottir, Gudlaug"]
[Black "Traustason, Ingi Tandri"]
[Site "Reykjavik"]
[Round "2.3"]
[Result "1-0"]
[Date "2016.10.01"]
[WhiteElo "2046"]
[BlackElo "1933"]
[PlyCount "93"]
[EventDate "2016.09.30"]
[EventType "team-tourn"]
[EventRounds "7"]
[EventCountry "ISL"]
[SourceTitle "EXT 2018"]
[Source "ChessBase"]
[SourceDate "2017.10.13"]
[SourceVersion "1"]
[SourceVersionDate "2017.10.13"]
[SourceQuality "1"]
[WhiteTeam "Gardabaer"]
[BlackTeam "Vinaskakfelagid"]
[WhiteTeamCountry "ISL"]
[BlackTeamCountry "ISL"]

1. d4 d5 2. c4 dxc4 3. e3 g6 4. Nc3 Bg7 5. Bxc4 Nf6 6. Nge2 0-0 7. 0-0 Nbd7 8. e4 e5 9. d5 Ne8 10. Be3 Nd6 11. Bd3 Nb6 12. Qc1 f5 13. exf5 Bxf5 14. Bxf5 Rxf5 15. Ng3 Rf8 16. a4 Nf7 17. Rd1 Nc4 18. Bc5 Ncd6 19. Nce4 Nxe4 20. Nxe4 Nd6 21. Qc2 Rc8 22. Rac1 Qd7 23. b3 Qf5 24. Ng3 Qf6 25. Qe2 b6 26. Ba3 a5 27. Rc6 Qd8 28. Bxd6 cxd6 29. Rdc1 Qd7 30. Ne4 Rfd8 31. g3 Rxc6 32. Rxc6 Qf7 33. Qc4 Bf8 34. Ng5 Qf5 35. Ne6 Re8 36. Rxb6 e4 37. Rb7 Qf3 38. Qd4 Rxe6 39. dxe6 e3 40. Rf7 e2 41. Rxf3 e1Q+ 42. Kg2 Qxe6 43. Rd3 Qe1 44. Qd5+ Kg7 45. Rf3 Qe8 46. Qxa5 Qe7 47. Qc3+ 1-0

[Event "ISL-chT2 1617"]
[White "Traustason, Ingi Tandri"]
[Black "Hauksson, Hordur Aron"]
[Site "Reykjavik"]
[Round "3.3"]
[Result "1/2-1/2"]
[Date "2016.10.01"]
[WhiteElo "1933"]
[BlackElo "1867"]
[PlyCount "61"]
[EventDate "2016.09.30"]
[EventType "team-tourn"]
[EventRounds "7"]
[EventCountry "ISL"]
[SourceTitle "EXT 2018"]
[Source "ChessBase"]
[SourceDate "2017.10.13"]
[SourceVersion "1"]
[SourceVersionDate "2017.10.13"]
[SourceQuality "1"]
[WhiteTeam "Vinaskakfelagid"]
[BlackTeam "Fjolnis II"]
[WhiteTeamCountry "ISL"]
[BlackTeamCountry "ISL"]

1. d4 d5 2. c4 e6 3. Nc3 c6 4. e3 Nf6 5. Nf3 Nbd7 6. Bd3 Bd6 7. 0-0 dxc4 8. Bxc4 b5 9. Bd3 a6 10. e4 e5 11. d5 cxd5 12. Nxd5 Nxd5 13. exd5 h6 14. Re1 0-0 15. Nd2 Nf6 16. Ne4 Nxe4 17. Bxe4 f5 18. Bd3 Bb7 19. Bc2 Qf6 20. Bb3 Rad8 21. Qh5 Kh7 22. Be3 e4 23. Rad1 Be5 24. Bc5 Rfe8 25. Re2 g6 26. Qh3 Bc8 27. Qe3 Bxb2 28. Rxb2 Qxb2 29. Bd4 Qa3 30. Bc5 Qb2 31. Bd4 1/2-1/2

[Event "ISL-chT2 1415"]
[White "Traustason, Ingi Tandri"]
[Black "Steindorsson, Sigurdur Pall"]
[Site "Reykjavik"]
[Round "7.3"]
[Result "0-1"]
[Date "2015.03.21"]
[WhiteElo "1874"]
[BlackElo "2235"]
[PlyCount "80"]
[EventDate "2014.10.03"]
[EventType "team-tourn"]
[EventRounds "7"]
[EventCountry "ISL"]
[SourceTitle "EXT 2016"]
[Source "ChessBase"]
[SourceDate "2015.10.08"]
[SourceVersion "1"]
[SourceVersionDate "2015.10.08"]
[SourceQuality "1"]
[WhiteTeam "Vinaskakfelagid"]
[BlackTeam "Reykjavik TR II"]
[WhiteTeamCountry "ISL"]
[BlackTeamCountry "ISL"]

1. d4 Nf6 2. c4 e6 3. Nc3 Bb4 4. f3 d5 5. e3 0-0 6. Bd3 c5 7. Nge2 Nc6 8. 0-0 a6 9. a3 cxd4 10. cxd5 exd5 11. exd4 Bd6 12. Bg5 h6 13. Bh4 Be6 14. Bf2 Rc8 15. Qd2 Na5 16. Rad1 Qc7 17. Bg3 Bxg3 18. Nxg3 b5 19. Nf5 Bxf5 20. Bxf5 Nc4 21. Qc1 Rce8 22. Na2 Qb6 23. Rd3 Re2 24. Rf2 Rfe8 25. Rxe2 Rxe2 26. b3 Rxa2 27. bxc4 bxc4 28. Rd2 Rxd2 29. Qxd2 g6 30. Bc8 Kg7 31. Kf2 Qc6 32. Bh3 Qa4 33. g4 Qxa3 34. Bf1 a5 35. h4 c3 36. Qe3 Qb2+ 37. Be2 c2 38. Qe5 c1Q 39. g5 hxg5 40. hxg5 Qb6 0-1

[Event "ISL-chT2 1415"]
[White "Viglundsson, Bjorgvin"]
[Black "Traustason, Ingi Tandri"]
[Site "Reykjavik"]
[Round "5.2"]
[Result "1-0"]
[Date "2015.03.20"]
[WhiteElo "2193"]
[BlackElo "1874"]
[PlyCount "117"]
[EventDate "2014.10.03"]
[EventType "team-tourn"]
[EventRounds "7"]
[EventCountry "ISL"]
[SourceTitle "EXT 2016"]
[Source "ChessBase"]
[SourceDate "2015.10.08"]
[SourceVersion "1"]
[SourceVersionDate "2015.10.08"]
[SourceQuality "1"]
[WhiteTeam "Reykjavik KR"]
[BlackTeam "Vinaskakfelagid"]
[WhiteTeamCountry "ISL"]
[BlackTeamCountry "ISL"]

1. d4 Nf6 2. c4 c6 3. Nc3 d5 4. cxd5 cxd5 5. Bf4 e6 6. Nf3 Be7 7. e3 a6 8. Bd3 Nbd7 9. Rc1 Qa5 10. 0-0 0-0 11. Nd2 Ne8 12. Nb3 Qd8 13. e4 Bg5 14. Bxg5 Qxg5 15. f4 Qh6 16. exd5 Ndf6 17. Qf3 Rb8 18. dxe6 Bxe6 19. Nc5 Bg4 20. Qg3 Nd6 21. N3e4 Ndxe4 22. Nxe4 Be6 23. Nc5 Bd5 24. a3 Rbd8 25. Qg5 Qh5 26. Rfe1 Bc6 27. Qxh5 Nxh5 28. g3 Rxd4 29. Be2 Nf6 30. Nxa6 Rd2 31. Nb4 Re8 32. Nxc6 bxc6 33. Bf3 Rxe1+ 34. Rxe1 Rxb2 35. Bxc6 Ra2 36. a4 Kf8 37. Re5 g6 38. Ra5 Ng4 39. h3 Ra1+ 40. Kg2 Ne3+ 41. Kf2 Nf5 42. Bd5 Rb1 43. Rb5 Rc1 44. Rb4 h5 45. g4 hxg4 46. hxg4 Nh6 47. Kf3 Ra1 48. Bb3 Ke7 49. Rb6 Kd7 50. g5 Nf5 51. Ke4 Kc7 52. Rb4 Kd6 53. Rb5 Kc7 54. Ke5 Kd7 55. Bxf7 Rxa4 56. Bxg6 Nh4 57. Be4 Kc7 58. Rb7+ Kd8 59. Rh7 1-0

[Event "ISL-chT2 1415"]
[White "Kristjansson, Olafur"]
[Black "Traustason, Ingi Tandri"]
[Site "Reykjavik"]
[Round "4"]
[Result "1/2-1/2"]
[Date "2014.10.05"]
[WhiteElo "2128"]
[BlackElo "1874"]
[PlyCount "49"]
[EventDate "2014.10.03"]
[EventType "team-tourn"]
[EventRounds "7"]
[EventCountry "ISL"]
[SourceTitle "EXT 2016"]
[Source "ChessBase"]
[SourceDate "2015.10.08"]
[SourceVersion "1"]
[SourceVersionDate "2015.10.08"]
[SourceQuality "1"]
[WhiteTeam "Akureyri II"]
[BlackTeam "Vinaskakfelagid"]
[WhiteTeamCountry "ISL"]
[BlackTeamCountry "ISL"]

1. e4 c5 2. Nf3 d6 3. d4 cxd4 4. Nxd4 Nf6 5. Nc3 a6 6. Bc4 e6 7. Bb3 Be7 8. f4 0-0 9. f5 e5 10. Nde2 Nc6 11. Bg5 b5 12. Bxf6 Bxf6 13. 0-0 Bb7 14. Ng3 Nd4 15. Bd5 Nc6 16. Kh1 b4 17. Nce2 Qe7 18. Rf3 Nd4 19. Bxb7 Qxb7 20. Nxd4 exd4 21. Qd3 Rfe8 22. Re1 d5 23. Nh5 Qc6 24. Nxf6+ Qxf6 25. Rff1 1/2-1/2

[Event "Reykjavik op"]
[White "Omtvedt, Per"]
[Black "Traustason, Ingi Tandri"]
[Site "Reykjavik"]
[Round "10"]
[Result "1/2-1/2"]
[Date "2014.03.12"]
[WhiteElo "2008"]
[BlackElo "1854"]
[PlyCount "52"]
[EventDate "2014.03.04"]
[EventType "swiss"]
[EventRounds "10"]
[EventCountry "ISL"]
[SourceTitle "CBM 159 Extra"]
[Source "ChessBase"]
[SourceDate "2014.04.24"]
[SourceVersion "1"]
[SourceVersionDate "2014.04.24"]
[SourceQuality "1"]

1. e4 c5 2. Nc3 g6 3. g3 Bg7 4. Bg2 Nc6 5. d3 e6 6. Be3 b6 7. Qd2 Nge7 8. Bh6 0-0 9. h4 f6 10. Bxg7 Kxg7 11. h5 g5 12. f4 h6 13. 0-0-0 e5 14. Nge2 d6 15. Rdf1 Be6 16. Kb1 Qd7 17. Nd5 Bxd5 18. exd5 Na5 19. c4 Qf5 20. Be4 Qd7 21. Bg2 Rab8 22. Rf2 Qf5 23. Be4 Qd7 24. Bg2 Qf5 25. Be4 Qd7 26. Bg2 Qf5 1/2-1/2

[Event "Reykjavik op"]
[White "Traustason, Ingi Tandri"]
[Black "Birkisson, Bardur Orn"]
[Site "Reykjavik"]
[Round "9"]
[Result "1-0"]
[Date "2014.03.11"]
[WhiteElo "1854"]
[BlackElo "1475"]
[PlyCount "129"]
[EventDate "2014.03.04"]
[EventType "swiss"]
[EventRounds "10"]
[EventCountry "ISL"]
[SourceTitle "CBM 159 Extra"]
[Source "ChessBase"]
[SourceDate "2014.04.24"]
[SourceVersion "1"]
[SourceVersionDate "2014.04.24"]
[SourceQuality "1"]

1. d4 d5 2. c4 c6 3. e3 Nf6 4. Nc3 e6 5. Nf3 Be7 6. Bd3 0-0 7. 0-0 Nbd7 8. Re1 Qc7 9. Qe2 e5 10. dxe5 dxc4 11. Bxc4 Nxe5 12. Nxe5 Qxe5 13. f4 Qc7 14. h3 Re8 15. Bd3 Bd6 16. Qf2 b6 17. Kh1 Bb7 18. e4 Rad8 19. Bc2 h6 20. a3 Qe7 21. Be3 Nd7 22. Rad1 Bc5 23. Bxc5 Qxc5 24. Qh4 Nf6 25. Rxd8 Rxd8 26. e5 Rd2 27. exf6 Rxc2 28. fxg7 Kxg7 29. Qg4+ Kf8 30. Ne4 Qe7 31. Qh5 Kg7 32. f5 Qf8 33. Re3 c5 34. Rg3+ Kh8 35. Nf6 Rxg2 36. Rxg2 Qg7 37. Ng4 Bxg2+ 38. Kxg2 Qxb2+ 39. Nf2 Qg7+ 40. Qg4 Qxg4+ 41. hxg4 Kg7 42. Ne4 c4 43. Kf3 b5 44. Nc3 a6 45. Ke4 Kf6 46. Kf4 Ke7 47. Ke5 f6+ 48. Kd5 Kd7 49. Kc5 Kc7 50. Nd5+ Kb7 51. Kb4 Kc6 52. Nxf6 a5+ 53. Kc3 b4+ 54. axb4 axb4+ 55. Kxc4 Kd6 56. Kxb4 Ke5 57. Nh5 Kd6 58. Kc4 Ke7 59. Kd5 Kf7 60. Ke5 Ke7 61. f6+ Kf7 62. Kf5 Kf8 63. Kg6 Kg8 64. f7+ Kf8 65. Nf6 1-0

[Event "Reykjavik op"]
[White "Traustason, Ingi Tandri"]
[Black "Carlsen, Henrik"]
[Site "Reykjavik"]
[Round "4"]
[Result "1-0"]
[Date "2014.03.06"]
[WhiteElo "1854"]
[BlackElo "2027"]
[PlyCount "139"]
[EventDate "2014.03.04"]
[EventType "swiss"]
[EventRounds "10"]
[EventCountry "ISL"]
[SourceTitle "CBM 159 Extra"]
[Source "ChessBase"]
[SourceDate "2014.04.24"]
[SourceVersion "1"]
[SourceVersionDate "2014.04.24"]
[SourceQuality "1"]

1. d4 Nf6 2. c4 e6 3. Nc3 b6 4. e4 Bb7 5. Bd3 Bb4 6. Qe2 c5 7. d5 d6 8. Bd2 0-0 9. 0-0-0 a6 10. a3 Ba5 11. g4 b5 12. cxb5 exd5 13. Nxd5 Nxd5 14. exd5 axb5 15. Bxb5 Ba6 16. Bxa6 Nxa6 17. Bxa5 Qxa5 18. Qc4 Nc7 19. h4 Nb5 20. Rh3 Rfe8 21. Rhd3 Rab8 22. Nf3 Nc7 23. Re3 Na8 24. Qc3 Qa4 25. h5 Qf4 26. g5 Rxe3 27. Qxe3 Qc4+ 28. Kb1 Qb3 29. Rd2 Nc7 30. Qxb3 Rxb3 31. Ng1 Kf8 32. Kc2 Rb5 33. Ne2 Rb8 34. Nc3 Re8 35. f4 Re3 36. Rf2 Rh3 37. Re2 Rxh5 38. b4 cxb4 39. axb4 h6 40. b5 hxg5 41. b6 Na6 42. fxg5 Rxg5 43. Kb3 Re5 44. Rh2 Nc5+ 45. Kc4 f5 46. Nb5 Re4+ 47. Nd4 Kf7 48. Ra2 Kf6 49. Ra8 g6 50. Rd8 Ke5 51. Re8+ Kf4 52. Re6 Nb7 53. Rxg6 Re7 54. Ne6+ Ke5 55. Rg1 Na5+ 56. Kb5 Nb7 57. Nc7 Kd4 58. Rd1+ Kc3 59. Kc6 Na5+ 60. Kxd6 Re4 61. Rc1+ Kb4 62. Ne6 f4 63. Rc7 f3 64. b7 Nxb7+ 65. Rxb7+ Kc4 66. Rc7+ Kb4 67. Rf7 Re3 68. Nd4 Rd3 69. Nxf3 Kc4 70. Ne5+ 1-0

[Event "Reykjavik op"]
[White "Hackner, Oskar A"]
[Black "Traustason, Ingi Tandri"]
[Site "Reykjavik"]
[Round "3"]
[Result "1-0"]
[Date "2014.03.05"]
[WhiteElo "2105"]
[BlackElo "1854"]
[PlyCount "39"]
[EventDate "2014.03.04"]
[EventType "swiss"]
[EventRounds "10"]
[EventCountry "ISL"]
[SourceTitle "CBM 159 Extra"]
[Source "ChessBase"]
[SourceDate "2014.04.24"]
[SourceVersion "1"]
[SourceVersionDate "2014.04.24"]
[SourceQuality "1"]

1. d4 d5 2. c4 c6 3. Nc3 Nf6 4. e3 Bf5 5. cxd5 cxd5 6. Qb3 Qd7 7. Nf3 e6 8. Bb5 Nc6 9. Ne5 Qc7 10. Qa4 Nd7 11. Nxc6 bxc6 12. Bxc6 Rc8 13. Bb5 Bd6 14. Bd2 Ke7 15. Rc1 Nb6 16. Qa5 Qb8 17. Ke2 Rhd8 18. Ba6 Nc4 19. Bxc4 Bb4 20. Nxd5+ 1-0

[Event "Reykjavik op"]
[White "Gislason, Gudmundur"]
[Black "Traustason, Ingi Tandri"]
[Site "Reykjavik"]
[Round "1"]
[Result "1-0"]
[Date "2014.03.04"]
[WhiteElo "2314"]
[BlackElo "1854"]
[PlyCount "89"]
[EventDate "2014.03.04"]
[EventType "swiss"]
[EventRounds "10"]
[EventCountry "ISL"]
[SourceTitle "CBM 159 Extra"]
[Source "ChessBase"]
[SourceDate "2014.04.24"]
[SourceVersion "1"]
[SourceVersionDate "2014.04.24"]
[SourceQuality "1"]

1. Nf3 d5 2. g3 c5 3. Bg2 Nc6 4. d4 e6 5. 0-0 Nf6 6. c4 cxd4 7. Nxd4 Nxd4 8. Qxd4 Be7 9. cxd5 exd5 10. Nc3 Be6 11. Rd1 Qa5 12. a3 Rd8 13. b4 Qa6 14. b5 Qb6 15. Be3 Qxd4 16. Bxd4 b6 17. a4 0-0 18. a5 Ne4 19. Bxe4 dxe4 20. axb6 axb6 21. Bxb6 Rb8 22. Bc7 Rb7 23. b6 f5 24. Ra7 Rxa7 25. bxa7 Ra8 26. Bb6 Bf6 27. Nd5 Be5 28. Ne7+ Kf7 29. Nc6 Bf6 30. Bc7 Be7 31. Nxe7 Kxe7 32. Bb8 Bd7 33. f3 exf3 34. exf3 Bc6 35. Kf2 h6 36. Ke3 Bb5 37. Kf4 Bd7 38. Ke5 Bc6 39. f4 Be4 40. Rc1 Kf7 41. g4 Bf3 42. gxf5 h5 43. Rc7+ Kg8 44. f6 gxf6+ 45. Kxf6 1-0

[Event "ISL-chT 1314"]
[White "Sigfusson, Sigurdur Dadi"]
[Black "Traustason, Ingi Tandri"]
[Site "Reykjavik"]
[Round "6.5"]
[Result "1-0"]
[Date "2014.02.27"]
[WhiteElo "2320"]
[BlackElo "1817"]
[PlyCount "63"]
[EventDate "2013.10.10"]
[EventType "team-tourn"]
[EventRounds "9"]
[EventCountry "ISL"]
[SourceTitle "EXT 2015"]
[Source "ChessBase"]
[SourceDate "2014.11.20"]
[SourceVersion "1"]
[SourceVersionDate "2014.11.20"]
[SourceQuality "1"]
[WhiteTeam "Hellir"]
[BlackTeam "Vinaskakfelagid"]
[WhiteTeamCountry "ISL"]
[BlackTeamCountry "ISL"]

1. e4 c5 2. Nf3 d6 3. d4 cxd4 4. Nxd4 Nf6 5. Nc3 a6 6. Bc4 e6 7. Bb3 Be7 8. f4 0-0 9. Qf3 Nc6 10. Be3 Na5 11. g4 b5 12. g5 Ne8 13. h4 Qd7 14. f5 Nxb3 15. axb3 Bb7 16. 0-0-0 e5 17. Nde2 Qc7 18. Rhg1 Rc8 19. Rd2 b4 20. Na4 Bc6 21. Nb6 Rb8 22. f6 Bd8 23. Nd5 Bxd5 24. exd5 Qd7 25. Ng3 a5 26. fxg7 Nxg7 27. Ne4 Kh8 28. Rf2 a4 29. Nf6 Qc8 30. Qe4 Bxf6 31. gxf6 Nh5 32. Rg5 1-0

[Event "Reykjavik op"]
[White "Traustason, Ingi Tandri"]
[Black "Davidsdottir, Nansy"]
[Site "Reykjavik"]
[Round "10"]
[Result "1-0"]
[Date "2013.02.27"]
[WhiteElo "1840"]
[BlackElo "1479"]
[PlyCount "59"]
[EventDate "2013.02.19"]
[EventType "swiss"]
[EventRounds "10"]
[EventCountry "ISL"]
[SourceTitle "CBM 153 Extra"]
[Source "ChessBase"]
[SourceDate "2013.04.22"]
[SourceVersion "1"]
[SourceVersionDate "2013.04.22"]
[SourceQuality "1"]

1. d4 Nf6 2. c4 e6 3. Nc3 d5 4. Bg5 Be7 5. cxd5 exd5 6. Qc2 c6 7. e3 Nbd7 8. Bd3 h6 9. Bh4 b6 10. Nge2 c5 11. b3 0-0 12. 0-0 Bb7 13. f3 Rc8 14. Qd2 cxd4 15. exd4 Re8 16. Nd1 Nh7 17. Bf2 Ng5 18. Ne3 Ne6 19. Nf5 a5 20. Bg3 Nf6 21. Be5 Bb4 22. Qb2 Nh7 23. a3 Be7 24. b4 Bc6 25. Rac1 axb4 26. axb4 Rf8 27. Qc2 Nf6 28. Qd2 Nh7 29. Nxh6+ gxh6 30. Qxh6 1-0

[Event "Reykjavik op"]
[White "Traustason, Ingi Tandri"]
[Black "Petersson, Baldur Teodor"]
[Site "Reykjavik"]
[Round "6"]
[Result "1/2-1/2"]
[Date "2013.02.23"]
[WhiteElo "1840"]
[BlackElo "1575"]
[PlyCount "51"]
[EventDate "2013.02.19"]
[EventType "swiss"]
[EventRounds "10"]
[EventCountry "ISL"]
[SourceTitle "CBM 153 Extra"]
[Source "ChessBase"]
[SourceDate "2013.04.22"]
[SourceVersion "1"]
[SourceVersionDate "2013.04.22"]
[SourceQuality "1"]

1. d4 d5 2. c4 c6 3. Nf3 Nf6 4. e3 a6 5. Nc3 b5 6. cxd5 cxd5 7. Bd3 e6 8. 0-0 Nbd7 9. Nd2 Bb7 10. a3 Nb6 11. Nf3 Bd6 12. Qe2 Ne4 13. Bxe4 dxe4 14. Nd2 0-0 15. Ncxe4 Bxe4 16. Nxe4 Bxh2+ 17. Kxh2 Qh4+ 18. Kg1 Qxe4 19. f3 Qg6 20. e4 Rac8 21. Be3 Nc4 22. Rfc1 Nxe3 23. Qxe3 Qf6 24. Rc3 Rfd8 25. Rd1 Qe7 26. Rdc1 1/2-1/2

[Event "Reykjavik op"]
[White "Traustason, Ingi Tandri"]
[Black "Knutsson, Larus"]
[Site "Reykjavik"]
[Round "2"]
[Result "1/2-1/2"]
[Date "2013.02.20"]
[WhiteElo "1840"]
[BlackElo "2072"]
[PlyCount "108"]
[EventDate "2013.02.19"]
[EventType "swiss"]
[EventRounds "10"]
[EventCountry "ISL"]
[SourceTitle "CBM 153 Extra"]
[Source "ChessBase"]
[SourceDate "2013.04.22"]
[SourceVersion "1"]
[SourceVersionDate "2013.04.22"]
[SourceQuality "1"]

1. d4 d5 2. c4 c6 3. e3 Nf6 4. Nc3 g6 5. Nf3 Bg7 6. Bd3 0-0 7. 0-0 Re8 8. Qc2 Nbd7 9. b3 e5 10. dxe5 dxc4 11. Bxc4 Nxe5 12. Nxe5 Rxe5 13. Bb2 Bf5 14. Qe2 b5 15. Rfd1 Qe7 16. Bd3 Bg4 17. f3 Rxe3 18. Qf2 Rd8 19. Bf1 Bd7 20. Rd2 Bh6 21. Re2 Re8 22. Qh4 Rxe2 23. Nxe2 Qe3+ 24. Kh1 Bg5 25. Qd4 Qxd4 26. Bxd4 Nd5 27. Bxa7 Ra8 28. Bc5 Bf6 29. Bd4 Bxd4 30. Nxd4 b4 31. Nc2 c5 32. Bc4 Nb6 33. Ne3 Nxc4 34. Nxc4 Be6 35. Nd2 f5 36. Kg1 Rd8 37. Nf1 Kf7 38. Kf2 c4 39. bxc4 Bxc4 40. Rb1 Ra8 41. Rxb4 Rxa2+ 42. Kg1 Ba6 43. Rb1 h5 44. Ne3 Re2 45. Ra1 Bd3 46. Nf1 f4 47. Rd1 Bf5 48. Ra1 Kf6 49. h4 g5 50. Ra6+ Be6 51. hxg5+ Kxg5 52. Ra5+ Bf5 53. g3 Rc2 54. gxf4+ Kxf4 1/2-1/2

[Event "Reykjavik op"]
[White "Traustason, Ingi Tandri"]
[Black "Haga, Halvor"]
[Site "Reykjavik"]
[Round "4"]
[Result "0-1"]
[Date "2012.03.09"]
[WhiteElo "1824"]
[BlackElo "2032"]
[PlyCount "44"]
[EventDate "2012.03.06"]
[EventType "swiss"]
[EventRounds "9"]
[EventCountry "ISL"]
[SourceTitle "CBM 147 Extra"]
[Source "ChessBase"]
[SourceDate "2012.04.24"]
[SourceVersion "1"]
[SourceVersionDate "2012.04.24"]
[SourceQuality "1"]

1. e4 e5 2. Nf3 d6 3. Bc4 Be7 4. c3 Nf6 5. Ng5 0-0 6. Qb3 Qe8 7. d4 Nc6 8. Qd1 exd4 9. cxd4 d5 10. exd5 Bb4+ 11. Kf1 Nxd4 12. Nc3 Nf5 13. Bf4 Bd6 14. Bxd6 Nxd6 15. Bd3 h6 16. h4 Qe5 17. Qd2 Bf5 18. Nf3 Bxd3+ 19. Qxd3 Qh5 20. g3 Rad8 21. Re1 Rfe8 22. Kg2 a6 0-1